| 000 | 00878 a2200301 4500 | ||
|---|---|---|---|
| 001 | 73556 | ||
| 999 |
_c73556 _d21774 |
||
| 003 | TR-AnTOB | ||
| 005 | 20240912111441.0 | ||
| 008 | 090122s2005 us 00100 eng | ||
| 020 | _a0324261608 | ||
| 040 | _aTR-AnTOB | ||
| 041 | _aeng | ||
| 050 |
_aHG3881 _b.D36 2005 |
||
| 090 | _aHG3881 .D36 2005 | ||
| 100 |
_aDaniels, Joseph P. _951605 |
||
| 245 | 0 |
_aInternational monetary and financial economics / _cJoseph P. Daniels [and] David D. VanHoose. |
|
| 250 | _a3rd ed. | ||
| 264 | 1 |
_aMason, Ohio : _bSouth-Western, _cc2005. |
|
| 300 |
_axxi, 600 p. : _bill. ; _c24 cm. |
||
| 504 | _aIncludes bibliographical references and index. | ||
| 650 | 7 |
_aUluslararası finans _2etuturkob _91818 |
|
| 650 |
_aInternational finance _91817 |
||
| 700 |
_aVanHoose, David D. _951606 |
||
| 902 | _a0027815 | ||
| 903 | _aMerkez Kütüphane | ||
| 945 | _aMC, CS | ||
| 942 | _cBK | ||